| 000 | 00450nam a2200181Ia 4500 | ||
|---|---|---|---|
| 005 | 20250423095436.0 | ||
| 008 | 250422s9999 xx 000 0 und d | ||
| 020 | _a9789350142387 | ||
| 050 | _aTK 5101 .S53/ | ||
| 100 | _aSharma, Sanjay | ||
| 245 | 0 | _aFundamentals of communication engineering | |
| 260 | _aNew Delhi | ||
| 260 | _bS. K. Kataria & Sons | ||
| 260 | _c2012 | ||
| 300 | _a536 p | ||
| 650 | _a Electric lines. | ||
| 942 | _cBK | ||
| 999 |
_c30286 _d30286 |
||